Nové pohledy : 16 mladých autorů ČSSR

Korporativní autor: Galerie fotografie G4 (Cheb, Česko)
Jazyk: Čeština
Vydáno: [Cheb] : Galerie 4, 1986
Témata:
Fyzický popis: 17 volných listů v obalu
Knihy
Uloženo v:
LEADER 00727nam a22002292a 4500
001 001912298
003 CZ BrMZK
005 20241022132527.0
007 ta
008 241017s1986 xr a er|||||||||||cze d
040 |a BOE303  |b cze 
245 0 0 |a Nové pohledy :  |b 16 mladých autorů ČSSR 
260 |a [Cheb] :  |b Galerie 4,  |c 1986 
300 |a 17 volných listů v obalu 
648 7 |a 1981-1990  |7 ch460586  |2 czenas 
650 0 4 |a česká fotografie 
655 7 |a katalogy výstav  |7 fd132536  |2 czenas 
710 2 |a Galerie fotografie G4 (Cheb, Česko)  |7 pna2005259431 
910 |a BOA001  |b X-1533.456 
990 |a BK 
991 |b 202410 
996 6 |b 2610981729  |c X-1533.456  |l MZK  |r Sklad / do 24 hodin  |n 0  |p dar  |w 001981323  |u 000010  |a 1  |e BOA001  |j MZK50  |s P